| 000 | 00565nam a22001457a 4500 | ||
|---|---|---|---|
| 008 | 161021b xxu||||| |||| 00| 0 eng d | ||
| 082 |
_2Feb 2013- Jan 2015 v. 10 & 13 _aDPer 641.05 _bF73 |
||
| 245 |
_aF & B world: _bMake a living with food. |
||
| 246 |
_aFood and Beverages world: _bMake a living with food. |
||
| 260 |
_aMakati City, Philippines: _bHinge Inquirer Publications, Inc., _cFeb 2013-Jan 2015. |
||
| 300 |
_avarious paging: _bcolor illustrations; _c28 cm. |
||
| 650 | 0 |
_916618 _aFood _vPeriodicals |
|
| 650 | 0 |
_916619 _aBeverages _vPeriodicals |
|
| 942 |
_2ddc _cPER |
||
| 999 |
_c5375 _d5375 |
||